L'enfant

Saved in:
Bibliographic Details
Format: Book
Language:French
Published: [s.l.] : NRF, 1979
Series:Nouvelle revue de psychanalyse ; ; 19
Subjects:
Tags: Add Tag
No Tags, Be the first to tag this record!

MARC

LEADER 00000nam a2200000 i 4500
001 1/12104
008 000919r1979 fre d
020 |a 2-07-029787-X 
035 |l 10064082 
040 |a GR-MY-UA  |b gre  |e aacr 
041 0 |a fre 
082 0 |a 155.4 
245 1 0 |a L'enfant 
260 |a [s.l.] :   |b NRF,   |c 1979 
300 |a 330 p.;  |c 23 cm 
490 1 |a Nouvelle revue de psychanalyse  |v ; 19 
650 0 0 |a Child development. 
650 0 0 |a Child psychology. 
830 0 |a Nouvelle revue de psychanalyse ;  |v ; 19 
852 |a INST  |b RHODES  |e 20000919  |h 155.4 ENF  |p 005400014564  |q 005400014564  |t BK  |y 0 
901 |a BIBL4-2000-3 
909 |a Ρ  |b 065609 
922 |a 4ΕΛΗ  |b 199903  |c ΚΠΣ/154  |d LEADER 
970 |z 2000/09/ΑΔΑΜ